000 00392nam a2200169Ia 4500
005 20240606004427.0
008 240331s9999 xx 000 0 und d
020 _a955580009x
082 _bSRI
_a351
100 _aICES. ed
245 0 _aSri Lanka :
_bthe devolution debate
250 _a5 th
260 _aColombo
_bICES
_c1996
300 _a231 p.,
650 _aDevolution
942 _cL
999 _c4961
_d4961